SSC English 195 sets / (Record no. 181664)

MARC details
000 -LEADER
fixed length control field 00535nam a22001817a 4500
005 - DATE AND TIME OF LATEST TRANSACTION
control field 20210930105012.0
010 ## - LCCN (DPL NO)
LC control number EN230921
020 ## - INTERNATIONAL STANDARD BOOK NUMBER
International Standard Book Number 9788193807255
Terms of availability 700.00
037 ## - SOURCE OF ACQUISITION
Source of stock number/acquisition M.B. books
082 ## - DEWEY DECIMAL CLASSIFICATION NUMBER
Classification number 480
100 ## - MAIN ENTRY--PERSONAL NAME
Personal name Ajay Kumar Singh
245 ## - TITLE STATEMENT
Title SSC English 195 sets /
Statement of responsibility, etc by Ajay Kumar Singh
250 ## - EDITION STATEMENT
Edition statement revised and updated
260 ## - PUBLICATION, DISTRIBUTION, ETC. (IMPRINT)
Place of publication, distribution, etc Patna
Name of publisher, distributor, etc M.B. books
Date of publication, distribution, etc 2021
270 ## - ADDRESS
Address 3rd Floor, Ramdiri House, Dadiji Lane, Boring Road
City Patna
Postal code 800001
300 ## - PHYSICAL DESCRIPTION
Extent 876p.
Dimensions 28cm(pbk)
942 ## - ADDED ENTRY ELEMENTS (KOHA)
Source of classification or shelving scheme Dewey Decimal Classification
Item type English Books
Call number suffix AJA
Classification part 480

No items available.


© Delhi Public Library
Hit Counter
free hit counter